Christ and the modern opportunity / (Record no. 121073)
[ view plain ]
| 000 -LEADER | |
|---|---|
| fixed length control field | 00612cam a2200217Ii 4500 |
| 001 - CONTROL NUMBER | |
| control field | 4686040 |
| 003 - CONTROL NUMBER IDENTIFIER | |
| control field | ARRUPE |
| 005 - DATE AND TIME OF LATEST TRANSACTION | |
| control field | 20141003125605.0 |
| 008 - FIXED-LENGTH DATA ELEMENTS--GENERAL INFORMATION | |
| fixed length control field | 780728s1956 ctu 000 0 eng d |
| 035 ## - SYSTEM CONTROL NUMBER | |
| System control number | (OCoLC)ocm04094356 |
| 035 ## - SYSTEM CONTROL NUMBER | |
| System control number | (NNC)4686040 |
| 040 ## - CATALOGING SOURCE | |
| Original cataloging agency | KAT |
| Transcribing agency | KAT |
| 098 ## - OTHER CLASSIFICATION SCHEMES (OCLC) | |
| Call number based on other classification scheme | FS90 |
| 300 ## - PHYSICAL DESCRIPTION | |
| Dimensions | 23 cm. |
| 100 1# - MAIN ENTRY--PERSONAL NAME | |
| Personal name | Raven, Charles E. |
| Fuller form of name | (Charles Earle), |
| Dates associated with a name | 1885-1964. |
| 9 (RLIN) | 12040 |
| 245 10 - TITLE STATEMENT | |
| Title | Christ and the modern opportunity / |
| Statement of responsibility, etc | by Charles E. Raven. |
| 260 ## - PUBLICATION, DISTRIBUTION, ETC. (IMPRINT) | |
| Place of publication, distribution, etc | Greenwich, Conn. : |
| Name of publisher, distributor, etc | Seabury press, |
| Date of publication, distribution, etc | 1956. |
| 300 ## - PHYSICAL DESCRIPTION | |
| Extent | 88 p. ; |
| 600 00 - SUBJECT ADDED ENTRY--PERSONAL NAME | |
| Personal name | Jesus Christ. |
| 9 (RLIN) | 12041 |
| 942 ## - ADDED ENTRY ELEMENTS (KOHA) | |
| Source of classification or shelving scheme | Library of Congress Classification |
| Koha item type | Monograph ( Printed materials) |
| Withdrawn status | Lost status | Source of classification or shelving scheme | Damaged status | Not for loan | Collection code | Home library | Current library | Shelving location | Date acquired | Total Checkouts | Full call number | Barcode | Date last seen | Price effective from | Koha item type |
|---|---|---|---|---|---|---|---|---|---|---|---|---|---|---|---|
| Library of Congress Classification | Main Collection | ARRUPE LIBRARY | ARRUPE LIBRARY | Main Collection | 03/10/2014 | BT77.R253 | 46500003832 | 03/10/2014 | 03/10/2014 | Monograph ( Printed materials) |